Statistics for Sean Connery Movies Quiz

Click here to take the quiz!

General Stats

  • This quiz has been taken 6,213 times
    (4,695 since last reset)
  • The average score is 9 of 16

Answer Stats

DescriptionMovie% Correct
Archaelogist and his dad go on a quest for the Holy GrailIndiana Jones and the
Last Crusade
93%
Martini-drinking spy must stop a villain from attacking Fort KnoxGoldfinger
83%
Soviet submarine captain wants to defect to AmericaThe Hunt for Red October
78%
SEAL team must break INTO Alcatraz to defeat a rogue marineThe Rock
74%
Outlaw archer must defeat an evil sheriffRobin Hood:
Prince of Thieves
74%
Federal agent Elliot Ness partners with an incorruptible cop to take down Al CaponeThe Untouchables
65%
Immortal beings go around beheading each other until only one remainsHighlander
62%
Detective Hercule Poirot must solve a murder aboard a train from Istanbul to ParisMurder on
the Orient Express
61%
Sophisticated Scottish spy must defeat an evil doctor and his atomic radio beamDr. No
61%
Group of beloved fictional characters form an alliance to preserve
peace in the year 1899
The League of
Extraordinary Gentlemen
57%
Villain needs diamonds to build a space laser - and only a suave
British spy can stop him!
Diamonds are Forever
54%
Sexy young thief and much older thief stage an elaborate heist in Kuala LumpurEntrapment
41%
Guinevere marries Arthur but yearns for LancelotFirst Knight
26%
Talented black teen befriends an old reclusive writerFinding Forrester
25%
Sinister Japanese corporation will stop at nothing to cover up a
prostitute's murder in L.A.
Rising Sun
22%
In the year 1854, a master thief plans to steal railbound gold The Great Train Robbery
18%

Score Distribution

Percentile by Number Answered

Percent of People with Each Score

Your Score History

You have not taken this quiz since the last reset